Effect of palm oil on film formation and properties of natural rubber latex films (Record no. 58015)

MARC details
000 -LEADER
fixed length control field 00431nam a2200133Ia 4500
100 ## - MAIN ENTRY--AUTHOR NAME
Personal name Ahmad Kausar
245 #0 - TITLE STATEMENT
Title Effect of palm oil on film formation and properties of natural rubber latex films
260 ## - PUBLICATION, DISTRIBUTION, ETC. (IMPRINT)
Name of publisher Proceedings of the International Rubber Conference, Kobe, Japan, 1995; p39-42
650 ## - SUBJECT ADDED ENTRY--TOPICAL TERM
Topical Term Natural rubber latex
700 ## - ADDED ENTRY--PERSONAL NAME
Personal name Ho C C
700 ## - ADDED ENTRY--PERSONAL NAME
Personal name Toji D
942 ## - ADDED ENTRY ELEMENTS (KOHA)
Koha item type Journals
Holdings
Withdrawn status Lost status Damaged status Not for loan Home library Current library Shelving location Date acquired Koha item type
      Journals RRII Library RRII Library Rubber chemistry 17/12/2021 Journals